| 000 | 00780nam a22002177a 4500 | ||
|---|---|---|---|
| 999 |
_c8632 _d8632 |
||
| 001 | 8632 | ||
| 003 | BD-JhCC | ||
| 005 | 20180228114010.0 | ||
| 008 | 180228b2006 bg ||||| |||| 00| 0 ben d | ||
| 035 | _a(BD-JhCC)8632 | ||
| 040 |
_aBD-JhCC _dBD-JhCC |
||
| 041 | _aben | ||
| 082 |
_a332.042 _bHOS 2006 |
||
| 100 | _aহোসেন, ফেরদৌস | ||
| 245 |
_aগ্যাট থেকে ডব্লিউটিও পুঁজির বিশ্বায়ন ও তৃতীয় বিশ্বের রাজনৈতিক অর্থনীতি / _c ফেরদৌস হোসেন |
||
| 260 |
_aঢাকাঃ _bপলল প্রকাশনী _c2006. |
||
| 300 |
_a88 p. : _c21 cm. |
||
| 650 | _aCapital Market | ||
| 942 |
_2ddc _cBK |
||